Pokémon 2ème génération - Mort Subite - Statistiques

Statistiques générales
  • Ce quiz a été pris 1 631 fois
    48 depuis la dernière actualisation
  • Le résultat moyen est 13 sur 20
Answers on the Grid
Answers color-coded by a green-red scale on the quiz's grid according to % correct below.
Démolosse
Givrali
Onix
Phanpy
Hyporoi
Babimanta
Capidextre
Cadoizo
Lugia
Togekiss
Raikou
Scarhino
Natu
Lainergie
Balbuto
Relicanth
Macronium
Olivini
Okéoké
Kaiminus
Noarfang
Cerfrousse
Kyogre
Venalgue
Octillery
Cotovol
Otaria
Cacnea
Yanma
Zarbi
Qwilfish
Abo
Géolithe
Embrylex
Créfadet
Scorplane
 
Statistiques - réponses
Réponse % Correct
Cadoizo
69%
Phanpy
69%
Qwilfish
69%
Raikou
69%
Scarhino
69%
Zarbi
69%
Kaiminus
66%
Lugia
66%
Macronium
66%
Natu
66%
Noarfang
66%
Démolosse
63%
Embrylex
63%
Hyporoi
63%
Lainergie
63%
Octillery
63%
Cerfrousse
59%
Scorplane
59%
Yanma
59%
Cotovol
53%
Aucun quiz correspondant
Distribution des résultats
% des personnes avec chaque résultat
Percentile par nombre de réponses
Votre historique - résultats
Vous n’avez pas pris ce quiz depuis la dernière actualisation